Le royaume d'Arda et son evangelisation au XVII. siecle /

Bibliographic Details
Main Author: Labouret, Henri
Corporate Author: Catholic Church
Other Authors: Rivet, Paul, 1876-1958
Format: Book
Language:French
Published: Paris : Institut d'ethnologie, 1929.
Series:Travaux et mémoires de l'Institut d'ethnologie ; 7.
Subjects:

MARC

Tag First Indicator Second Indicator Subfields
LEADER 00000cam a2200000 4500
001 in00000550310
005 20151014050950.0
008 791116s1929 fr bcfh 00000 fre
010 |a  30011466  
035 |a (OCoLC)05704830 
035 |9 ACJ1499AM 
040 |a DLC  |c COO  |d SER  |d TXA  |d UtOrBLW 
049 |a TXAM  |c [491516] 
050 0 0 |a DT541  |b .L3 
100 1 |a Labouret, Henri. 
245 1 3 |a Le royaume d'Arda et son evangelisation au XVII. siecle /  |c Henri Labouret. 
264 1 |a Paris :  |b Institut d'ethnologie,  |c 1929. 
300 |a 62 pages, 20 leaves of plates (1 folded) :  |b illustrations ;  |c 27 cm. 
336 |a text  |b txt  |2 rdacontent 
337 |a unmediated  |b n  |2 rdamedia 
338 |a volume  |b nc  |2 rdacarrier 
490 1 |a Travaux et memoires de l'Institut d'ethnologie ;  |v 7 
500 |a Facsimile of the "catechisme arda" (Doctrina christiana; y explicacion de sus misterios, en nuestro idioma espanol, y en lengua arda ... Madrid, 1658) no pl. I-XIV. 
610 1 0 |a Capuchins  |x Missions. 
651 0 |a Ardrah (Kingdom) 
700 1 |a Rivet, Paul,  |d 1876-1958. 
710 2 |a Catholic Church.  |t Catechisms.  |l Spanish and Ardrah. 
740 0 |a Doctrina christiana. 
830 0 |a Travaux et mémoires de l'Institut d'ethnologie ;  |v 7. 
999 |a MARS 
999 f f |s 500400ad-dd48-389a-95ea-405204d52066  |i 495afcc1-f2b8-3d4c-89fa-e9e9f3631eda  |t 0 
952 f f |p ric  |a Texas A&M University  |b Rellis Campus  |c Joint Library Facility  |d Remote Storage  |t 0  |e DT541 .L3  |h Library of Congress classification  |i unmediated -- volume  |m A14808917567 
998 f f |a DT541 .L3  |t 0  |l Remote Storage